| 000 | 00000nam 2200000za 4500 |
| 001 | 9.602001 |
| 003 | CaOODSP |
| 005 | 20210624210339 |
| 007 | cr ||||||||||| |
| 008 | 150406s2000||||xxc|||||o f|0| 0 fre d |
| 040 | |aCaOODSP|bfre |
| 043 | |an-cn--- |
| 086 | 1 |aCC173-3/1-242F-PDF |
| 110 | 2 |aCommission canadienne de sûreté nucléaire. |
| 245 | 10|aExamen des coûts et des avantages |h[ressource électronique] |
| 260 | |aOttawa - Ontario : |bCommission canadienne de sûreté nucléaire |cOctobre 2000. |
| 300 | |a8p. |
| 490 | 1 |aPolitique d'application de la réglementation |vP-242 |
| 500 | |aLe n° de catalogue (CC173-3/1-242F) et l'ISBN (0-662-85123-4) de l'édition imprimée ont été incorrectement copiés dans l'édition électronique. |
| 590 | |a11-14-Supp|b2011-08-12 |
| 775 | 08|tConsidering cost-benefit information |w(CaOODSP)9.571387 |
| 776 | 0#|tExamen des coûts et des avantages |w(CaOODSP)9.625448 |
| 830 | #0|aPolitique d'application de la réglementation (Commission canadienne de sûreté nucléaire : En ligne)|vP-242|w(CaOODSP)9.501466 |
| 856 | 40|ahttp://publications.gc.ca|qPDF|s134 Ko|uhttps://publications.gc.ca/collections/Collection/CC173-3-1-242F.pdf|yP-242 |